ARRUPE JESUIT UNIVERSITY

CORONAVIRUS -STOP THE SPREAD - CLEAN,DISINFECT,COVER

A pathfinder in South Central Africa; (Record no. 122108)

MARC details
000 -LEADER
fixed length control field 00789cam a2200241I 4500
001 - CONTROL NUMBER
control field 4730355
003 - CONTROL NUMBER IDENTIFIER
control field ARRUPE
005 - DATE AND TIME OF LATEST TRANSACTION
control field 20150218134038.0
008 - FIXED-LENGTH DATA ELEMENTS--GENERAL INFORMATION
fixed length control field 740409s1910 enk 000 0 eng d
035 ## - SYSTEM CONTROL NUMBER
System control number (OCoLC)ocm00851928
035 ## - SYSTEM CONTROL NUMBER
System control number (NNC)4730355
040 ## - CATALOGING SOURCE
Original cataloging agency NYG
Transcribing agency NYG
098 ## - OTHER CLASSIFICATION SCHEMES (OCLC)
Call number based on other classification scheme Jm
300 ## - PHYSICAL DESCRIPTION
Other physical details illus., ports.
Dimensions 19 cm.
100 1# - MAIN ENTRY--PERSONAL NAME
Personal name Chapman, William,
Dates associated with a name active 1883-1884.
9 (RLIN) 15321
245 12 - TITLE STATEMENT
Title A pathfinder in South Central Africa;
Remainder of title a story of pioneer missionary work and adventure.
Statement of responsibility, etc William Chapman
260 ## - PUBLICATION, DISTRIBUTION, ETC. (IMPRINT)
Place of publication, distribution, etc London,
Name of publisher, distributor, etc Hammond
Date of publication, distribution, etc [1910]
300 ## - PHYSICAL DESCRIPTION
Extent xv, 385 p.
650 #0 - SUBJECT ADDED ENTRY--TOPICAL TERM
Topical term or geographic name as entry element Baila
Geographic subdivision Northern Rhodesia
General subdivision Balonga Missions
9 (RLIN) 15322
650 #0 - SUBJECT ADDED ENTRY--TOPICAL TERM
Topical term or geographic name as entry element Baila (Afican people)
9 (RLIN) 15323
650 #0 - SUBJECT ADDED ENTRY--TOPICAL TERM
Topical term or geographic name as entry element Primitive methodism
Geographic subdivision Northen Rhodesia
General subdivision missions
9 (RLIN) 15324
942 ## - ADDED ENTRY ELEMENTS (KOHA)
Source of classification or shelving scheme Library of Congress Classification
Koha item type SPC
Holdings
Withdrawn status Lost status Source of classification or shelving scheme Damaged status Not for loan Collection code Home library Current library Shelving location Date acquired Total Checkouts Full call number Barcode Date last seen Price effective from Koha item type
    Library of Congress Classification     Main Collection ARRUPE LIBRARY ARRUPE LIBRARY Main Collection 18/02/2015   SPC BV3625.R52 C466 46500002918 18/02/2015 18/02/2015 SPC

 

Arrupe Library. PO Box MP320 Mt Pleasant, Harare, Zimbabwe
263 242 745411|librarian@aju.ac.zw